How I Met Your Mother Episodes Names Quiz Stats

 Plays Quiz not verified by Sporcle

Challenge
Share
Tweet
Embed
Score 0/184 Timer 20:00
0 Plays Today
Episode Number Name % Correct
Season 1 Episode 1Pilot
97.8%
Season 1 Episode 2Purple Giraffe
94.6%
Season 1 Episode 3The Sweet Taste Of Liberty
83.9%
Season 1 Episode 6The Slutty Pumpkin
82.8%
Season 1 Episode 4Return of The Shirt
78.5%
Season 1 Episode 10The Pineapple Incident
75.3%
Season 1 Episode 15Game Night
74.2%
Season 1 Episode 19Mary The Paralegal
74.2%
Season 1 Episode 5Okay Awesome
73.1%
Season 1 Episode 8The Duel
72%
Season 1 Episode 11The Limo
72%
Season 1 Episode 12The Wedding
72%
Season 1 Episode 18Nothing Good Happens After 2am
72%
Season 2 Episode 3Brunch
72%
Season 1 Episode 9Belly Full of Turkey
69.9%
Season 1 Episode 21Milk
69.9%
Season 2 Episode 9Slap Bet
69.9%
Season 4 Episode 2The Best Burger In New York
69.9%
Season 1 Episode 14Zip Zip Zip
68.8%
Season 2 Episode 7Swarley
68.8%
Season 3 Episode 9Slapsgiving
68.8%
Season 1 Episode 13Drumroll Please
67.7%
Season 1 Episode 20Best Prom Ever
67.7%
Season 1 Episode 22Come On
67.7%
Season 2 Episode 2The Scorpion and the Toad
67.7%
Season 4 Episode 24The Leap
67.7%
Season 5 Episode 3Robin 101
67.7%
Season 1 Episode 7Matchmaker
66.7%
Season 2 Episode 6Aldrin Justice
66.7%
Season 2 Episode 8Atlantic City
66.7%
Season 3 Episode 10The Yips
66.7%
Season 4 Episode 4Intervention
66.7%
Season 2 Episode 12First Time in New York
65.6%
Season 2 Episode 15Lucky Penny
65.6%
Season 4 Episode 7Not a Fathers Day
65.6%
Season 2 Episode 11How Lily Stole Christmas
64.5%
Season 2 Episode 14Monday Night Football
64.5%
Season 2 Episode 21Something Borrowed
64.5%
Season 4 Episode 9The Naked Man
64.5%
Season 4 Episode 10The Fight
64.5%
Season 5 Episode 6Bagpipes
64.5%
Season 5 Episode 8The Playbook
64.5%
Season 2 Episode 1Where Were We?
63.4%
Season 3 Episode 11The Platinum Rule
63.4%
Season 3 Episode 16Sandcastles In The Sand
63.4%
Season 4 Episode 18Old King Clancy
63.4%
Season 4 Episode 19Murtaugh
63.4%
Season 5 Episode 11Last Cigarette Ever
63.4%
Season 5 Episode 14Perfect Week
63.4%
Season 3 Episode 2We're Not From Here
62.4%
Season 3 Episode 15The Chain of Screaming
62.4%
Season 3 Episode 20Miracles
62.4%
Season 5 Episode 12Girls Vs Suits
62.4%
Season 1 Episode 16Cupcake
61.3%
Season 2 Episode 18Moving Day
61.3%
Season 2 Episode 22Something Blue
61.3%
Season 3 Episode 5How I Met Everyone Else
61.3%
Season 4 Episode 8Woooo!
61.3%
Season 4 Episode 13Three Days Of Snow
61.3%
Season 4 Episode 21The Three Days Rule
61.3%
Season 6 Episode 4Subway Wars
61.3%
Season 6 Episode 15Oh Honey
61.3%
Episode Number Name % Correct
Season 2 Episode 10Single Stamina
60.2%
Season 4 Episode 3I Heart NJ
60.2%
Season 4 Episode 20Mosbius Designs
60.2%
Season 5 Episode 10The Window
60.2%
Season 5 Episode 13Jenkins
60.2%
Season 5 Episode 15Rabbit or Duck
60.2%
Season 5 Episode 23The Wedding Bride
60.2%
Season 2 Episode 13Columns
59.1%
Season 3 Episode 7Dowisetrepla
59.1%
Season 3 Episode 12No Tomorrow
59.1%
Season 4 Episode 15The Stinsons
59.1%
Season 4 Episode 17The Front Porch
59.1%
Season 5 Episode 5Duel Citizenship
59.1%
Season 6 Episode 11The Mermaid Theory
59.1%
Season 3 Episode 8Spoiler Alert
58.1%
Season 6 Episode 10Blitzgiving
58.1%
Season 1 Episode 17Life Among The Gorillas
57%
Season 2 Episode 5World's Greatest Couple
57%
Season 3 Episode 14The Bracket
57%
Season 4 Episode 5Shelter Island
57%
Season 4 Episode 12Benefits
57%
Season 5 Episode 21Twin Beds
57%
Season 5 Episode 22Robots Vs Wrestlers
57%
Season 2 Episode 17Arrivederci Fiero
55.9%
Season 2 Episode 20Showdown
55.9%
Season 3 Episode 13Ten Sessions
55.9%
Season 3 Episode 17The Goat
55.9%
Season 4 Episode 11Little Minnesota
55.9%
Season 4 Episode 14The Possimpible
55.9%
Season 4 Episode 23As Fast As She Can
55.9%
Season 6 Episode 14Last Words
55.9%
Season 6 Episode 16Desperation Day
55.9%
Season 7 Episode 3Ducky Tie
55.9%
Season 2 Episode 16Stuff
54.8%
Season 5 Episode 9Slapsgiving 2: Revenge of The Slap
54.8%
Season 5 Episode 16Hooked
54.8%
Season 5 Episode 19Zoo or False
54.8%
Season 5 Episode 24Doppelgangers
54.8%
Season 6 Episode 13Bad News
54.8%
Season 3 Episode 1Wait For It
53.8%
Season 3 Episode 18Rebound Bro
53.8%
Season 5 Episode 1Definitions
53.8%
Season 6 Episode 9Glitter
53.8%
Season 3 Episode 3Third Wheel
52.7%
Season 4 Episode 1Do I Know You?
52.7%
Season 4 Episode 6Happily Ever After
52.7%
Season 4 Episode 16Sorry, Bro
52.7%
Season 5 Episode 20Home Wreckers
52.7%
Season 6 Episode 17Garbage Island
52.7%
Season 3 Episode 4Little Boys
50.5%
Season 6 Episode 7Canning Randy
50.5%
Season 6 Episode 19Legendaddy
50.5%
Season 6 Episode 20The Exploding Meatball Sub
50.5%
Season 2 Episode 19Bachelor Party
49.5%
Season 4 Episode 22Right Place Right Time
49.5%
Season 5 Episode 4The Sexless Innkeeper
49.5%
Season 5 Episode 7The Rough Patch
49.5%
Season 5 Episode 18Say Cheese
49.5%
Season 6 Episode 2Cleaning House
49.5%
Season 7 Episode 8The Slutty Pumpkin Returns
49.5%
Season 3 Episode 6I'm Not That Guy
48.4%
Season 7 Episode 7Noretta
48.4%
Episode Number Name % Correct
Season 7 Episode 16The Drunk Train
48.4%
Season 3 Episode 19Everything Must Go
47.3%
Season 5 Episode 2Double Date
47.3%
Season 6 Episode 1Big Days
47.3%
Season 6 Episode 8Natural History
47.3%
Season 7 Episode 5Field Trip
47.3%
Season 5 Episode 17Of Course
46.2%
Season 6 Episode 5Architect of Destruction
46.2%
Season 6 Episode 23Landmarks
46.2%
Season 2 Episode 4Ted Mosby, Architect
45.2%
Season 7 Episode 6Mystery Vs History
45.2%
Season 7 Episode 20Trilogy Time
45.2%
Season 6 Episode 3Unfinished
44.1%
Season 6 Episode 12False Positive
44.1%
Season 7 Episode 9Disaster Averted
44.1%
Season 6 Episode 22The Perfect Cocktail
43%
Season 7 Episode 1The Best Man
43%
Season 7 Episode 10Tick Tick Tick
43%
Season 7 Episode 23The Magicians Code: Part 1
43%
Season 7 Episode 24The Magicians Code: Part 2
43%
Season 6 Episode 21Hopeless
41.9%
Season 6 Episode 24Challenge Accepted
41.9%
Season 7 Episode 2The Naked Truth
41.9%
Season 7 Episode 15The Burning Beekeeper
41.9%
Season 7 Episode 19The Broath
41.9%
Season 6 Episode 6Baby Talk
40.9%
Season 6 Episode 18A Change of Heart
40.9%
Season 7 Episode 13Tailgate
40.9%
Season 8 Episode 4Who Wants To Be a Godparent
40.9%
Season 7 Episode 12Symphony of Illumination
39.8%
Season 7 Episode 1446 Minutes
39.8%
Season 7 Episode 18Karma
39.8%
Season 8 Episode 1Farhampton
39.8%
Season 7 Episode 4The Stinson Missile Crisis
38.7%
Season 7 Episode 17No Pressure
37.6%
Season 7 Episode 11The Rebound Girl
36.6%
Season 7 Episode 22Good Crazy
36.6%
Season 8 Episode 2The Pre-Nup
36.6%
Season 8 Episode 11The Final Page: Part 1
36.6%
Season 7 Episode 21Now We're Even
35.5%
Season 8 Episode 3Nannies
35.5%
Season 8 Episode 12The Final Page: Part 2
35.5%
Season 8 Episode 6Splitsville
33.3%
Season 8 Episode 9Lobster Crawl
33.3%
Season 8 Episode 5The Autumn of Breakups
32.3%
Season 8 Episode 10The Over-Correction
32.3%
Season 8 Episode 13Band or DJ?
31.2%
Season 8 Episode 7The Stamp Tramp
28%
Season 8 Episode 15P.S I Love You
28%
Season 8 Episode 14Ring Up!
26.9%
Season 8 Episode 8Twelve Horny Women
25.8%
Season 8 Episode 16Bad Crazy
22.6%
Season 8 Episode 17The Ashtray
22.6%
Season 8 Episode 21Romeward Bound
22.6%
Season 8 Episode 23Something Old
22.6%
Season 8 Episode 24Something New
21.5%
Season 8 Episode 22The Bro Mitzvah
20.4%
Season 8 Episode 18Weekend At Barneys
17.2%
Season 8 Episode 19The Fortress
17.2%
Season 8 Episode 20The Time Travellers
12.9%

You're not logged in!

Compare scores with friends on all Sporcle quizzes.
Join for Free
OR
Log In

You Might Also Like...

Show Comments

Extras

Top Quizzes Today


Score Distribution

Your Account Isn't Verified!

In order to create a playlist on Sporcle, you need to verify the email address you used during registration. Go to your Sporcle Settings to finish the process.

Report this User

Report this user for behavior that violates our Community Guidelines.

Details: